000 00831nam a2200277 a 4500
001 2431
003 BD-RjUL
005 20211208233541.0
008 131211s1965 nyu 00100 eng d
035 _a(BD-RjUL)2458
035 _a(BD-RjUL)
040 _aBD-RjUL
_beng
_cBD-RjUL
_dBD-RjUL
041 _aeng
082 0 4 _a338.91
_2330.9
_bFRW 1965
100 1 _aFryer, Donald W.
_q(Donald Wilfred),
_d1920-
_97883
245 1 0 _aWorld economic development /
_cby D.W. Fryer.
260 _aNew York :
_bMcGraw-Hill,
_cc1965.
300 _axi, 627 p. :
_bill., maps. ;
_c24 cm.
500 _aIncludes index.
504 _aChapter bibliographies.
650 0 _aEconomic history
_y1945-1971.
_97885
650 0 _aEconomic development.
_97886
942 _2ddc
_cBK
999 _c2431
_d2431